Bodypower : the secret of self-healing

Bibliographic Details
Main Author: Coleman, Vernon
Format: Book
Published: Selangor : Masterpiece , 2006
Subjects:

MARC

LEADER 00000cam a2200000 7i4500
001 0000019673
005 20080618.0
008 080618
020 |a 9833710468 
090 0 0 |a 613.19   |b COL 
100 1 |a Coleman, Vernon 
245 1 2 |a Bodypower :   |b the secret of self-healing   |c Vernon Coleman 
260 |a Selangor :   |b Masterpiece ,   |c 2006 
650 0 |a Men health self-care 
650 0 |a Self-care, health 
999 |a 0000936707   |b Book   |c Adult Collection   |e Cawangan Bandar Tenggara 
999 |a 0001024080   |b Book   |c Adult Collection   |e Perbadanan Perpustakaan Awam Johor 
999 |a 0001024081   |b Book   |c Adult Collection   |e Cawangan Urban Transformation Centre 
999 |a 0001024082   |b Book   |c Adult Collection   |e Cawangan Muar